Loading...
| Fine Arts - Classical Music | 0 | 12 | 0 | 2 | 120 | 45 | 107.08 | 1 | 3 | 17.06 | 41.77 |
| Fine Arts - Painting & Sculpture | 0 | 9 | 1 | 2 | 85 | 99 | 121.33 | 0 | 0 | 6.83 | 23.62 |
| History - World | 0 | 8 | 1 | 2 | 75 | 77 | 119.38 | 0 | 0 | 5.87 | 18.38 |
| Fine Arts - Other | 0 | 7 | 1 | 0 | 65 | 71 | 102.86 | 0 | 2 | 10.61 | 27.19 |
| History - Other | 0 | 7 | 2 | 1 | 60 | 90 | 116.43 | 0 | 1 | 5.46 | 23.47 |
| Philosophy | 0 | 6 | 1 | 2 | 55 | 94 | 120.33 | 0 | 0 | 3.12 | 14.82 |
| Science - Other | 0 | 5 | 2 | 0 | 40 | 66 | 98.40 | 1 | 1 | 6.99 | 17.64 |
| Social Science | 0 | 3 | 0 | 1 | 30 | 97 | 116.00 | 0 | 0 | 2.03 | 6.97 |
| Literature - European | 0 | 3 | 0 | 2 | 30 | 136 | 145.00 | 0 | 0 | 0.52 | 5.80 |
| Literature - World | 0 | 3 | 0 | 1 | 30 | 120 | 132.33 | 0 | 0 | 1.56 | 8.60 |
| Religion | 0 | 4 | 2 | 0 | 30 | 108 | 121.00 | 0 | 0 | 2.80 | 11.52 |
| Science - Physics | 0 | 3 | 0 | 0 | 30 | 88 | 123.00 | 0 | 0 | 2.21 | 4.76 |
| History - American | 0 | 4 | 3 | 1 | 25 | 100 | 125.00 | 0 | 1 | 1.64 | 12.77 |
| Science - Biology | 0 | 2 | 0 | 0 | 20 | 84 | 86.50 | 0 | 2 | 3.45 | 10.76 |
| History - European | 0 | 3 | 2 | 1 | 20 | 81 | 108.00 | 0 | 0 | 3.23 | 8.63 |
| Current Events | 0 | 2 | 0 | 1 | 20 | 119 | 124.50 | 0 | 0 | 0.53 | 7.31 |
| Geography | 0 | 1 | 0 | 0 | 10 | 149 | 149.00 | 0 | 0 | 0.00 | 4.50 |
| Literature - British | 0 | 1 | 0 | 0 | 10 | 99 | 99.00 | 0 | 0 | 1.75 | 2.41 |
| Mythology | 0 | 0 | 1 | 0 | -5 | 0.00 | 0 | 0 | 0.00 | 0.00 | |
| Science - Chemistry | 0 | 0 | 1 | 0 | -5 | 0.00 | 0 | 0 | 0.00 | 0.00 | |
| Other Academic | 0 | 0 | 1 | 0 | -5 | 0.00 | 0 | 0 | 0.00 | 0.00 |